[Event "HCL-C001"]
[Site "www.playchess.de"]
[Date "2000.07.27"]
[Round "10"]
[White "admnp"]
[Black "Cetilak"]
[WhiteElo "1000"]
[BlackElo "1000"]
[PlyCount "52"]
[Result "0-1"]

1.e3 e5 2.Qf3 d5 3.d3 Be6 4.Nc3 Nf6 5.Nge2 Bd6 
6.g3 Nc6 7.a3 O-O 8.h3 Qe7 9.e4 dxe4 10.dxe4 Nd4 
11.Nxd4 exd4 12.Ne2 Bd7 13.Nxd4 Nxe4 14.Be3 c5 
15.Bd3 Ng5 16.Qg2 cxd4 17.h4 Bc6 18.Qf1 Nf3+ 
19.Kd1 dxe3 20.fxe3 Bxg3 21.Qe2 Rfe8 22.Rh3 Ng1 
23.Qg4 Bf3+ 24.Qxf3 Nxf3 25.Rh1 Qxe3 26.Rf1 
Qd2+ 0-1

[Event "HCL-C005"]
[Site "www.playchess.de"]
[Date "2000.07.27"]
[Round "14"]
[White "Kiepski"]
[Black "pablo"]
[WhiteElo "1000"]
[BlackElo "1000"]
[PlyCount "55"]
[Result "1-0"]

1.e4 g5 2.d4 Bg7 3.Bxg5 d5 4.e5 c5 5.c3 cxd4 
6.cxd4 Qb6 7.Qd2 Nc6 8.Ne2 Bf5 9.a3 Rc8 10.Nbc3 f6 
11.Nxd5 Qd8 12.Ne3 Bg6 13.exf6 Nxf6 14.d5 Ne4 
15.Qd1 Bxb2 16.Nc4 Bxa1 17.Qxa1 Rf8 18.dxc6 Rxc6 
19.Nd4 Rxc4 20.Bxc4 Qa5+ 21.Kd1 Nxf2+ 22.Ke2 Qe5+ 
23.Be3 Ng4 24.Bb5+ Kd8 25.Ne6+ Qxe6 26.Qd4+ Qd6 
27.Qxg4 Bf5 28.Qg7 1-0

[Event "HCL-C008"]
[Site "www.playchess.de"]
[Date "2000.07.27"]
[Round "2"]
[White "Queen"]
[Black "pablo"]
[WhiteElo "1000"]
[BlackElo "1000"]
[PlyCount "54"]
[Result "0-1"]

1.d3 Nf6 2.c4 g6 3.g3 Bg7 4.Nf3 O-O 5.Bh3 e6 6.Nc3 
b6 7.Bf4 a6 8.O-O Bb7 9.c5 bxc5 10.Be5 d6 11.Bxf6 
Qxf6 12.Qa4 Bc6 13.Nd5 Bxa4 14.Nxf6+ Bxf6 15.b4 
Bxa1 16.Rxa1 cxb4 17.a3 b3 18.Rb1 Nc6 19.e4 Rab8 
20.Kg2 b2 21.d4 Bc2 22.Re1 b1Q 23.Rxb1 Rxb1 24.d5 
Bd3 25.dxc6 Bf1+ 26.Kg1 Bxh3+ 27.Ne1 
Rxe1+ 0-1

[Event "HCL-C014"]
[Site "www.playchess.de"]
[Date "2000.07.27"]
[Round "6"]
[White "rhonda202"]
[Black "paule"]
[WhiteElo "1000"]
[BlackElo "1550"]
[PlyCount "30"]
[Result "0-1"]

1.d3 d5 2.Nc3 Bf5 3.g3 Nf6 4.f3 e5 5.a3 Qd7 6.b3 
Nc6 7.h3 O-O-O 8.g4 Bg6 9.e4 Bc5 10.Nge2 Rhe8 
11.g5 dxe4 12.gxf6 exf3 13.fxg7 e4 14.b4 f2+ 
15.Kd2 e3+ 0-1

[Event "HCL-E001"]
[Site "www.playchess.de"]
[Date "2000.07.27"]
[Round "1"]
[White "ffp"]
[Black "gumper"]
[WhiteElo "2000"]
[BlackElo "2100"]
[PlyCount "27"]
[Result "1-0"]

1.d4 Nf6 2.c4 e6 3.Nc3 d5 4.Nf3 c5 5.cxd5 Nxd5 
6.e3 Nc6 7.Bc4 cxd4 8.exd4 Be7 9.O-O O-O 10.Re1 
Bf6 11.Ne4 b6 12.a3 Bb7 13.Qd3 Rc8 
14.Nfg5 1-0

[Event "ACL-A001"]
[Site "www.playchess.de"]
[Date "2000.07.27"]
[Round "9"]
[White "Dictator"]
[Black "bibe"]
[WhiteElo "1500"]
[BlackElo "1500"]
[PlyCount "34"]
[Result "1/2-1/2"]

1.e4 e5 2.Nf3 Nf6 3.Bb5 Bb4 4.O-O O-O 5.d3 c6 
6.Bd2 Qe7 7.Bxb4 Qxb4 8.Qd2 c5 9.Qxb4 cxb4 10.Nxe5 
d6 11.Nc4 Bg4 12.e5 dxe5 13.Nd6 Rd8 14.Ne4 Nc6 
15.Nxf6+ gxf6 16.c3 Rxd3 17.Bxd3 
bxc3 1/2-1/2

[Event "HCL-A001"]
[Site "www.playchess.de"]
[Date "2000.07.28"]
[Round "4"]
[White "Jeroen"]
[Black "DKCozy"]
[WhiteElo "1600"]
[BlackElo "1700"]
[PlyCount "57"]
[Result "1-0"]

1.e4 e6 2.d4 c5 3.d5 d6 4.Nc3 Nf6 5.Nf3 Be7 6.Bc4 
O-O 7.O-O a6 8.dxe6 fxe6 9.Ng5 d5 10.exd5 Nxd5 
11.Nge4 Nxc3 12.Nxc3 b5 13.Be2 Bb7 14.Be3 Nc6 
15.Bf3 Qc7 16.Bg4 Rf6 17.Ne4 Rff8 18.Nxc5 Bxc5 
19.Bxe6+ Kh8 20.Bxc5 Rf6 21.Qd7 Qxd7 22.Bxd7 Ne5 
23.Rfd1 Rg6 24.Bh3 Nf3+ 25.Kh1 Nh4 26.Rdg1 Rc8 
27.Bxc8 Bxg2+ 28.Rxg2 Nxg2 29.Rd1 1-0

[Event "HCL-A003"]
[Site "www.playchess.de"]
[Date "2000.07.28"]
[Round "7"]
[White "Kleofas"]
[Black "lubos"]
[WhiteElo "1700"]
[BlackElo "1900"]
[PlyCount "64"]
[Result "0-1"]

1.d4 d5 2.c4 dxc4 3.Nc3 c6 4.e3 Bf5 5.Bxc4 e6 
6.Nge2 Nd7 7.Ng3 Bg6 8.O-O Ngf6 9.Be2 Bd6 10.Bd2 
Rc8 11.Rc1 O-O 12.Bf3 Nb6 13.e4 Bb4 14.Bg5 Be7 
15.e5 Nfd5 16.Bxe7 Qxe7 17.Nge4 Nxc3 18.bxc3 Bxe4 
19.Bxe4 Nd5 20.Qh5 g6 21.Qh6 Qa3 22.f4 f5 23.Bxd5 
cxd5 24.c4 Qe3+ 25.Kh1 Rxc4 26.Rxc4 dxc4 27.h4 Rf7 
28.h5 Rg7 29.Rf3 Qxd4 30.Kh2 c3 31.Rg3 c2 32.hxg6 
Kh8 0-1

[Event "HCL-A008"]
[Site "www.playchess.de"]
[Date "2000.07.28"]
[Round "19"]
[White "Radost"]
[Black "Kleofas"]
[WhiteElo "1700"]
[BlackElo "1700"]
[PlyCount "33"]
[Result "1/2-1/2"]

1.c4 e5 2.Nc3 Nf6 3.e4 Nc6 4.g3 d6 5.Bg2 Be7 
6.Nge2 O-O 7.O-O Be6 8.d3 Nd7 9.f4 f5 10.Be3 fxe4 
11.Bxe4 Nf6 12.Qb3 Nxe4 13.Nxe4 Rb8 14.Qd1 Bh3 
15.Re1 Bg4 16.Qd2 Qd7 17.Ref1 1/2-1/2

[Event "HCL-B002"]
[Site "www.playchess.de"]
[Date "2000.07.28"]
[Round "20"]
[White "FireRook"]
[Black "Cole"]
[WhiteElo "1200"]
[BlackElo "901"]
[PlyCount "25"]
[Result "1-0"]

1.e4 d5 2.Nc3 dxe4 3.Nxe4 b6 4.Nf3 Bb7 5.Bb5+ Nd7 
6.Ne5 Bc8 7.Nc6 a6 8.Nxd8 axb5 9.Nxf7 Kxf7 10.Qf3+ 
Ke8 11.Ng5 Ra6 12.Qf7+ Kd8 13.Ne6+ 1-0

[Event "HCL-B015"]
[Site "www.playchess.de"]
[Date "2000.07.28"]
[Round "6"]
[White "damage_kase"]
[Black "Eaglewingz"]
[WhiteElo "800"]
[BlackElo "1200"]
[PlyCount "56"]
[Result "0-1"]

1.e4 e5 2.Nf3 Nf6 3.Nxe5 d6 4.Nf3 Nxe4 5.d3 Nf6 
6.Be3 Nc6 7.Be2 d5 8.c3 Be7 9.Qc2 Bf5 10.Nbd2 Ng4 
11.h3 Nxe3 12.fxe3 Bg5 13.Nxg5 Qxg5 14.Nf3 Qxe3 
15.Qd2 Qe6 16.O-O O-O 17.Rfe1 Qg6 18.Nh4 Qf6 
19.Nxf5 Qxf5 20.Ref1 Qd7 21.d4 Rae8 22.Rae1 Ne7 
23.Bd3 Ng6 24.b3 Rxe1 25.Rxe1 Re8 26.c4 Rxe1+ 
27.Qxe1 dxc4 28.bxc4 Qxd4+ 0-1

[Event "HCL-C005"]
[Site "www.playchess.de"]
[Date "2000.07.28"]
[Round "5"]
[White "pablo"]
[Black "Glimmung"]
[WhiteElo "1000"]
[BlackElo "1000"]
[PlyCount "56"]
[Result "0-1"]

1.d4 d5 2.c4 dxc4 3.e4 e6 4.Bxc4 Bb4+ 5.Nc3 Nf6 
6.Bg5 O-O 7.Nf3 Nc6 8.O-O Be7 9.Rc1 a5 10.a3 Nh5 
11.Bxe7 Qxe7 12.Nb5 Nf4 13.Ba2 a4 14.d5 Rd8 15.Qc2 
Ra5 16.dxc6 Rxb5 17.cxb7 Bxb7 18.Rfd1 f5 19.Nd4 
Bxe4 20.Qxa4 Qg5 21.g3 Nh3+ 22.Kf1 Bd3+ 23.Rxd3 
Qxc1+ 24.Rd1 Qxb2 25.Bxe6+ Kf8 26.Kg2 Nxf2 27.Rf1 
Ne4+ 28.Kh3 Ng5+ 0-1

[Event "HCL-C008"]
[Site "www.playchess.de"]
[Date "2000.07.28"]
[Round "5"]
[White "luizfernandes"]
[Black "Kiepski"]
[WhiteElo "1000"]
[BlackElo "1000"]
[PlyCount "56"]
[Result "0-1"]

1.e4 e5 2.Nf3 Nc6 3.d4 exd4 4.Nxd4 Bc5 5.c3 d6 
6.Bb5 Bd7 7.Bc4 Nf6 8.Nd2 Nxd4 9.Nb3 Nc6 10.Bg5 
Bxf2+ 11.Kxf2 Nxe4+ 12.Ke1 Nxg5 13.Rf1 Be6 14.Qe2 
Qe7 15.Rd1 Bxc4 16.Qxe7+ Nxe7 17.Rf2 Bxb3 18.Ra1 
Bc4 19.a3 O-O 20.h4 Ne4 21.Rf4 d5 22.h5 Ng3 23.Rh4 
Nef5 24.Rg4 Rfe8+ 25.Kf2 Re2+ 26.Kf3 Rae8 27.b4 
R8e3+ 28.Kf4 Rf2+ 0-1

[Event "HCL-C008"]
[Site "www.playchess.de"]
[Date "2000.07.28"]
[Round "34"]
[White "Filk"]
[Black "paule"]
[WhiteElo "800"]
[BlackElo "1000"]
[PlyCount "44"]
[Result "1/2-1/2"]

1.e4 d5 2.exd5 Nf6 3.c4 c6 4.dxc6 Nxc6 5.Nc3 e5 
6.Nf3 Bf5 7.Be2 Qd7 8.O-O Bc5 9.d3 O-O-O 10.Na4 
Bd4 11.Bd2 Rhe8 12.Rc1 e4 13.dxe4 Rxe4 14.Bd3 
Bxf2+ 15.Rxf2 Qxd3 16.Nc5 Qd6 17.Nxe4 Nxe4 18.Re2 
Nd4 19.Re1 Nxd2 20.Nxd2 Nc2 21.Rxc2 Bxc2 22.Qxc2 
Qxd2 1/2-1/2

[Event "HCL-C013"]
[Site "www.playchess.de"]
[Date "2000.07.28"]
[Round "5"]
[White "Mathemagician"]
[Black "ASchepler"]
[WhiteElo "1001"]
[BlackElo "1100"]
[PlyCount "99"]
[Result "1-0"]

1.e4 e5 2.Nf3 Nc6 3.d4 exd4 4.Bc4 Bc5 5.c3 d3 
6.Qxd3 d6 7.e5 Qe7 8.O-O Nxe5 9.Nxe5 dxe5 10.Rd1 
Bg4 11.Re1 Bxf2+ 12.Kxf2 Qh4+ 13.Qg3 Qf6+ 14.Bf4 
O-O-O 15.Qxg4+ Kb8 16.Rxe5 Nh6 17.Qg5 Qb6+ 18.Kg3 
f6 19.Qxg7 fxe5 20.Qxe5 Qg6+ 21.Qg5 Nf5+ 22.Kh3 
Nd6 23.Bd5 Qd3+ 24.Bf3 h6 25.Qd5 Qf5+ 26.Qxf5 Nxf5 
27.Nd2 Ne7 28.Rd1 Ng6 29.Bg3 h5 30.Ne4 h4 31.Rxd8+ 
Rxd8 32.Bxh4 Rh8 33.g3 Nxh4 34.gxh4 a5 35.h5 b6 
36.Kg4 Rg8+ 37.Kh4 Rf8 38.Bg4 Rf4 39.Ng3 Rf2 40.h6 
Rxh2+ 41.Bh3 Rd2 42.h7 Rd8 43.Kg5 Ka7 44.Kg6 Re8 
45.Kg7 Re7+ 46.Kg8 Re8+ 47.Kf7 Rh8 48.Kg7 Rxh7+ 
49.Kxh7 c5 50.a4 1-0

[Event "HCL-C014"]
[Site "www.playchess.de"]
[Date "2000.07.28"]
[Round "23"]
[White "CEAuke"]
[Black "Rygars"]
[WhiteElo "1000"]
[BlackElo "1000"]
[PlyCount "28"]
[Result "0-1"]

1.d4 d5 2.Nc3 Nf6 3.Bf4 e6 4.Nb5 Bb4+ 5.c3 Ba5 
6.b4 Bb6 7.a4 a5 8.Rc1 O-O 9.Qd2 axb4 10.cxb4 Rxa4 
11.Nxc7 Nc6 12.b5 Ba5 13.Rc3 Ra1+ 14.Rc1 
Rxc1+ 0-1

[Event "HCL-C014"]
[Site "www.playchess.de"]
[Date "2000.07.28"]
[Round "25"]
[White "CEAuke"]
[Black "paule"]
[WhiteElo "1000"]
[BlackElo "1550"]
[PlyCount "50"]
[Result "0-1"]

1.d4 d5 2.Bf4 Nf6 3.e3 c5 4.dxc5 e6 5.Qd4 Nc6 
6.Qa4 Bxc5 7.Bb5 Bd7 8.Nf3 a6 9.Bxc6 Bxc6 10.Qb3 
Qa5+ 11.Nc3 Ne4 12.O-O Nxc3 13.bxc3 O-O 14.c4 Rfd8 
15.Rfd1 dxc4 16.Qxc4 Bd5 17.Qd3 Bxf3 18.Bc7 Rxd3 
19.Bxa5 Rxd1+ 20.Rxd1 Bxd1 21.g3 Bf3 22.h3 b6 
23.Bd2 Rd8 24.Be1 Rd1 25.Kf1 Bb4 0-1

[Event "HCL-C019"]
[Site "www.playchess.de"]
[Date "2000.07.28"]
[Round "8"]
[White "CEAuke"]
[Black "paule"]
[WhiteElo "1000"]
[BlackElo "1551"]
[PlyCount "83"]
[Result "0-1"]

1.d4 c5 2.dxc5 e6 3.b4 a5 4.c3 axb4 5.cxb4 Qf6 
6.Qc2 Qxa1 7.Nc3 g6 8.e4 Bg7 9.Nge2 Nc6 10.Kd2 
Nxb4 11.Qb3 Rxa2+ 12.Nxa2 Qxa2+ 13.Qxa2 Nxa2 
14.Ba3 Ne7 15.Nf4 Nc6 16.Bb5 Nab4 17.Rc1 O-O 
18.Nd3 Nxd3 19.Kxd3 Rd8 20.Rb1 Be5 21.g4 d5 
22.cxd6 e.p 23.Bxd6 Bxd6 24.Rxd6+ Ke3 25.f5 gxf5 
26.exf5 exf5 27.Bxf5 Bc4+ 28.Be6 Bxe6+ 29.Rxe6+ 
Kf3 30.Na5 h4 31.Kf7 Kg4 32.Kf6 h5 33.gxh5+ Kxh5 
34.Kf5 Rb5+ 35.Re5 Rb6 36.Kf4+ Kh6 37.Rf5 Kxh7 
38.Ke4 Rb4+ 39.Kd3 Kg6 40.Rxf2 Rb5 41.Ra2 Kf6 
42.Kc4 0-1

[Event "HCL-E001"]
[Site "www.playchess.de"]
[Date "2000.07.28"]
[Round "2"]
[White "Mizerak"]
[Black "ffp"]
[WhiteElo "2000"]
[BlackElo "2000"]
[PlyCount "87"]
[Result "1-0"]

1.Nf3 Nf6 2.d4 d5 3.Bg5 g6 4.Bxf6 exf6 5.e3 Bg7 
6.c4 O-O 7.Nc3 c6 8.cxd5 cxd5 9.Qb3 Nc6 10.Qxd5 
Qe7 11.Qe4 Qxe4 12.Nxe4 Nb4 13.Kd2 Rd8 14.a3 Nd5 
15.Rc1 b6 16.Nc3 Be6 17.Bc4 Nf4 18.Bxe6 Nxe6 
19.Nb5 Nc5 20.Ke2 Ne4 21.Rc7 a6 22.Nc3 Nxc3+ 
23.Rxc3 f5 24.Rc7 h6 25.Rhc1 b5 26.Rb7 Rdc8 
27.Rcc7 Rxc7 28.Rxc7 Bf6 29.Kd3 Kf8 30.Nd2 Ke8 
31.Nb3 Be7 32.Nc5 Bd6 33.Rc6 Bxc5 34.dxc5 Kd7 
35.Rd6+ Ke7 36.Kd4 f6 37.Kd5 a5 38.c6 b4 39.Rd7+ 
Ke8 40.Ke6 Ra6 41.Rc7 Kd8 42.Kd6 bxa3 43.bxa3 a4 
44.Rh7 1-0

[Event "ACL-A004"]
[Site "www.playchess.de"]
[Date "2000.07.28"]
[Round "1"]
[White "mhansen"]
[Black "Whiteking"]
[WhiteElo "1500"]
[BlackElo "1500"]
[PlyCount "21"]
[Result "1-0"]

1.e4 e5 2.Nf3 Nc6 3.Bb5 a6 4.Ba4 Nf6 5.O-O Be7 
6.Bxc6 dxc6 7.Nxe5 Nxe4 8.d3 Nf6 9.Re1 O-O 10.Qf3 
Be6 11.Bd2 1-0

[Event "HCL-B011"]
[Site "www.playchess.de"]
[Date "2000.07.29"]
[Round "9"]
[White "appieh58"]
[Black "mhansen"]
[WhiteElo "1500"]
[BlackElo "1500"]
[PlyCount "44"]
[Result "0-1"]

1.e4 e5 2.Nf3 Nc6 3.d4 exd4 4.c3 dxc3 5.Nxc3 d6 
6.Bc4 Bg4 7.Qb3 Na5 8.Bxf7+ Ke7 9.Qd5 Nf6 10.Qxa5 
b6 11.Nd5+ Kxf7 12.Qc3 Nxe4 13.Qe3 Qd7 14.Nxc7 
Qxc7 15.Qxe4 Qe7 16.Qxe7+ Bxe7 17.Ng5+ Kg6 18.O-O 
Bxg5 19.f4 Bf6 20.h3 Be2 21.Re1 Rhe8 22.a4 
Bh4 0-1

[Event "HCL-B020"]
[Site "www.playchess.de"]
[Date "2000.07.29"]
[Round "1"]
[White "Nils"]
[Black "maze"]
[WhiteElo "2300"]
[BlackElo "1500"]
[PlyCount "64"]
[Result "0-1"]

1.e4 c5 2.Nf3 d6 3.Nc3 Nf6 4.d4 cxd4 5.Nxd4 a6 
6.Be2 e6 7.O-O Be7 8.Qd3 O-O 9.Qg3 Kh8 10.Rd1 Qc7 
11.a4 b6 12.Bf3 Bb7 13.Be3 Nbd7 14.Bf4 Ne5 15.Bd2 
Nxf3+ 16.Qxf3 d5 17.exd5 Nxd5 18.Nxd5 Bxd5 19.Qg4 
f5 20.Bf4 Qb7 21.Qh3 Bf6 22.Bd6 Rfd8 23.Qg3 Rd7 
24.Be5 Bxe5 25.Qxe5 Bxg2 26.Qxe6 Bh1 27.f3 Bxf3 
28.Rde1 Bd5 29.Qe5 f4 30.Qxf4 Rf7 31.Qg3 Rf6 
32.Re5 Raf8 0-1

[Event "HCL-C021"]
[Site "www.playchess.de"]
[Date "2000.07.29"]
[Round "5"]
[White "CEAuke"]
[Black "chessape"]
[WhiteElo "800"]
[BlackElo "1000"]
[PlyCount "28"]
[Result "0-1"]

1.e4 c5 2.Bc4 e6 3.Nc3 Nc6 4.h4 a6 5.a4 Nge7 6.Rh3 
d5 7.exd5 exd5 8.Bf1 Bxh3 9.Nxh3 g6 10.Qf3 Bg7 
11.h5 Nd4 12.Qf4 Nxc2+ 13.Kd1 Nxa1 14.Ng5 
O-O 0-1

[Event "ACL-A001"]
[Site "www.playchess.de"]
[Date "2000.07.29"]
[Round "4"]
[White "Redbaron"]
[Black "zarconeus"]
[WhiteElo "1500"]
[BlackElo "1500"]
[PlyCount "74"]
[Result "0-1"]

1.e4 e5 2.f4 exf4 3.Nf3 d6 4.d4 Nc6 5.Bxf4 Nf6 
6.Nc3 Bg4 7.Bb5 a6 8.Ba4 b5 9.Bb3 Bxf3 10.gxf3 Na5 
11.e5 Nxb3 12.axb3 Nh5 13.Be3 dxe5 14.dxe5 Qh4+ 
15.Bf2 Qg5 16.Qd5 Rd8 17.Qc6+ Rd7 18.Kf1 Nf4 
19.Rg1 Qf5 20.Rd1 f6 21.e6 Qh3+ 22.Ke1 Qxe6+ 
23.Qxe6+ Nxe6 24.Rxd7 Kxd7 25.Ne4 c5 26.Kd2 Bd6 
27.Nxd6 Kxd6 28.Kc1 Rd8 29.f4 f5 30.Rd1+ Kc6 
31.Rxd8 Nxd8 32.h4 Ne6 33.Be3 Kd5 34.Kd2 Ke4 
35.Ke2 c4 36.bxc4 bxc4 37.Kd2 Nxf4 0-1

[Event "ACL-A003"]
[Site "www.playchess.de"]
[Date "2000.07.29"]
[Round "14"]
[White "MAJOR"]
[Black "JudgeMeek"]
[WhiteElo "1500"]
[BlackElo "1500"]
[PlyCount "82"]
[Result "0-1"]

1.e4 e5 2.Nf3 Nc6 3.Bb5 a6 4.Ba4 Nf6 5.O-O Be7 
6.Re1 b5 7.Bb3 O-O 8.c3 d5 9.exd5 Nxd5 10.Nxe5 
Nxe5 11.Rxe5 c6 12.d4 Bd6 13.Re1 Qh4 14.g3 Qh3 
15.Be3 Bg4 16.Qd3 Rae8 17.Nd2 Re6 18.a4 Qh5 19.f4 
Bf5 20.Qe2 Qxe2 21.Rxe2 Rxe3 22.Rae1 Rfe8 23.Kf2 
R3xe2+ 24.Rxe2 Kf8 25.Bxd5 cxd5 26.axb5 axb5 
27.Nf3 Rxe2+ 28.Kxe2 Bg4 29.Kf2 Bxf3 30.Kxf3 Ke7 
31.b4 Kf6 32.Kg4 h5+ 33.Kf3 g5 34.fxg5+ Kxg5 
35.h4+ Kf5 36.g4+ hxg4+ 37.Kg2 Kg6 38.c4 bxc4 
39.b5 c3 40.b6 c2 41.b7 c1Q 0-1

[Event "ACL-A003"]
[Site "www.playchess.de"]
[Date "2000.07.29"]
[Round "32"]
[White "JudgeMeek"]
[Black "Nils"]
[WhiteElo "1500"]
[BlackElo "1500"]
[PlyCount "79"]
[Result "1-0"]

1.e4 e5 2.Nf3 Nc6 3.d4 exd4 4.Nxd4 Bc5 5.Nxc6 Qf6 
6.Qd2 dxc6 7.Nc3 Be6 8.Na4 Bd6 9.Qe3 Nh6 10.h3 Qh4 
11.g3 Qh5 12.Bd2 O-O 13.Be2 Qg6 14.Nc3 f5 15.e5 
Bb4 16.O-O-O Ba5 17.f4 Rfd8 18.a3 Rd7 19.Na4 Bxd2+ 
20.Rxd2 Rxd2 21.Kxd2 Rd8+ 22.Kc1 b6 23.Nc3 Nf7 
24.g4 fxg4 25.Rg1 g3 26.Rxg3 Qf5 27.Bd3 Qh5 28.Ne2 
Bf5 29.Rxg7+ Kxg7 30.Ng3 Qg6 31.Bxf5 Qh6 32.e6 Nd6 
33.Qe5+ Kg8 34.e7 Re8 35.Be6+ Nf7 36.Nf5 Qg6 
37.Kb1 h5 38.Qd4 Qh7 39.Qd8 Qg6 
40.Qxe8+ 1-0

[Event "ACL-A008"]
[Site "www.playchess.de"]
[Date "2000.07.29"]
[Round "10"]
[White "JudgeMeek"]
[Black "mhansen"]
[WhiteElo "1500"]
[BlackElo "2000"]
[PlyCount "53"]
[Result "1-0"]

1.e4 e5 2.Nf3 Nc6 3.d4 exd4 4.Nxd4 Qh4 5.Nb5 Qxe4+ 
6.Be2 Kd8 7.O-O a6 8.Nd2 Qg6 9.Nc3 d6 10.Re1 Bh3 
11.Bf3 Nge7 12.Nde4 h5 13.Bf4 Kc8 14.Nxd6+ cxd6 
15.Bxd6 Ra7 16.Na4 b5 17.Nb6+ Kb7 18.a4 Bg4 
19.Bxe7 Kxb6 20.Bd8+ Rc7 21.Bxc7+ Kxc7 22.axb5 
axb5 23.Re8 Qf5 24.Raa8 Bxf3 25.Qxf3 Qxf3 26.gxf3 
Kd7 27.Rexf8 1-0

[Event "HCL-A002"]
[Site "www.playchess.de"]
[Date "2000.07.30"]
[Round "8"]
[White "DKCozy"]
[Black "Blunderer"]
[WhiteElo "1700"]
[BlackElo "1700"]
[PlyCount "49"]
[Result "1/2-1/2"]

1.Nf3 Nf6 2.g3 g6 3.Bg2 Bg7 4.O-O d5 5.d4 O-O 
6.Nbd2 Nbd7 7.Re1 e5 8.dxe5 Ng4 9.e4 dxe4 10.Nxe4 
Ndxe5 11.Qxd8 Rxd8 12.Bf4 Nxf3+ 13.Bxf3 Ne5 14.Bg2 
Bg4 15.Rab1 Nf3+ 16.Bxf3 Bxf3 17.Re3 Bg4 18.Kg2 f5 
19.Nc5 Rd2 20.c3 Re2 21.Rxe2 Bxe2 22.Bxc7 Bc4 
23.Nb3 Re8 24.Rd1 Re2 25.Rd2 1/2-1/2

[Event "HCL-C002"]
[Site "www.playchess.de"]
[Date "2000.07.30"]
[Round "18"]
[White "kennyn"]
[Black "Lotzi"]
[WhiteElo "1100"]
[BlackElo "1000"]
[PlyCount "21"]
[Result "1-0"]

1.e4 e5 2.Nf3 Nc6 3.Bb5 a6 4.Ba4 Nf6 5.d3 b5 6.Bb3 
Be7 7.O-O O-O 8.Be3 d6 9.Re1 Na5 10.Nbd2 Nxb3 
11.axb3 1-0

[Event "HCL-C005"]
[Site "www.playchess.de"]
[Date "2000.07.30"]
[Round "11"]
[White "kennyn"]
[Black "Kiepski"]
[WhiteElo "1100"]
[BlackElo "1000"]
[PlyCount "26"]
[Result "0-1"]

1.e4 e5 2.Nf3 Nc6 3.Bb5 a6 4.Ba4 d6 5.O-O Bd7 6.c3 
Nf6 7.Re1 Be7 8.d4 O-O 9.d5 Na7 10.Nbd2 h6 11.Nf1 
Nh7 12.Ng3 Nc8 13.Qd3 Bxa4 0-1

[Event "HCL-C023"]
[Site "www.playchess.de"]
[Date "2000.07.30"]
[Round "7"]
[White "Stickman"]
[Black "chessape"]
[WhiteElo "1000"]
[BlackElo "1000"]
[PlyCount "26"]
[Result "0-1"]

1.e4 c5 2.d4 cxd4 3.Bc4 Nc6 4.Qh5 e6 5.f4 Nf6 
6.Qg5 Nxe4 7.Qh5 d5 8.Bb5 Qa5+ 9.Nc3 dxc3 10.bxc3 
Qxc3+ 11.Kd1 Bb4 12.Ke2 Qe1+ 13.Kd3 
Nf2+ 0-1

[Event "ACL-A002"]
[Site "www.playchess.de"]
[Date "2000.07.30"]
[Round "2"]
[White "Lonesome"]
[Black "Queen"]
[WhiteElo "1500"]
[BlackElo "1500"]
[PlyCount "48"]
[Result "1-0"]

1.e4 Nc6 2.d4 Nf6 3.e5 Nd5 4.c4 Ndb4 5.a3 Nc2+ 
6.Qxc2 e6 7.Nf3 d5 8.Be3 dxc4 9.Bxc4 Be7 10.O-O 
O-O 11.Nc3 Bb4 12.axb4 Nxb4 13.Qe4 Nc2 14.Bd3 g6 
15.Bxc2 Bd7 16.Bg5 f5 17.exf6 e.p 18.Bc6 Qxe6+ 
19.Rf7 Qxf7+ 20.Kxf7 Bb3+ 21.Kf8 Bh6+ 22.Ke8 Rfe1+ 
23.Kd7 Be6+ 24.Kd6 Bf4+ 1-0

[Event "ACL-A003"]
[Site "www.playchess.de"]
[Date "2000.07.30"]
[Round "5"]
[White "JudgeMeek"]
[Black "MicronHead"]
[WhiteElo "1500"]
[BlackElo "1500"]
[PlyCount "51"]
[Result "1-0"]

1.e4 e5 2.Nf3 Nf6 3.Nxe5 d6 4.Nf3 Nxe4 5.d4 d5 
6.Bd3 Bf5 7.O-O Bd6 8.c4 dxc4 9.Bxe4 Bxe4 10.Re1 
f5 11.Ng5 Bb4 12.Nc3 Bxc3 13.bxc3 O-O 14.Qh5 h6 
15.Ne6 Qe7 16.Nxf8 Qxf8 17.f3 Bc6 18.Bxh6 gxh6 
19.Re6 Qf7 20.Rg6+ Kf8 21.Re1 Be4 22.fxe4 Nd7 
23.exf5 Qh7 24.Rxh6 Qg8 25.Rg6 Qxg6 
26.fxg6 1-0

[Event "ACL-A003"]
[Site "www.playchess.de"]
[Date "2000.07.30"]
[Round "34"]
[White "MAJOR"]
[Black "Nils"]
[WhiteElo "1500"]
[BlackElo "1500"]
[PlyCount "58"]
[Result "0-1"]

1.e4 e5 2.Nf3 Nc6 3.Bb5 a6 4.Ba4 b5 5.Bb3 Nf6 
6.Ng5 d5 7.d3 Nd4 8.Bxd5 Nxd5 9.exd5 Qxd5 10.f3 
Be7 11.Ne4 f5 12.Nec3 Bh4+ 13.Kf1 Qc6 14.Be3 O-O 
15.Bxd4 exd4 16.Ne2 Qd6 17.g3 Bg5 18.f4 Bb7 19.Rg1 
Rae8 20.Nd2 Bf6 21.Qe1 Re3 22.Qf2 Rfe8 23.Re1 Qb4 
24.c3 Qxb2 25.Nc4 bxc4 26.Nxd4 R3xe1+ 27.Qxe1 
Rxe1+ 28.Kxe1 Bxd4 29.cxd4 Bf3 0-1

[Event "HCL-A002"]
[Site "www.playchess.de"]
[Date "2000.07.31"]
[Round "1"]
[White "Redbaron"]
[Black "DKCozy"]
[WhiteElo "1700"]
[BlackElo "1700"]
[PlyCount "52"]
[Result "0-1"]

1.e4 c5 2.Nf3 Nc6 3.c3 d6 4.Bb5 Bd7 5.O-O Nf6 
6.Re1 e6 7.d4 Be7 8.d5 Ne5 9.Bxd7+ Nexd7 10.dxe6 
fxe6 11.Ng5 Nf8 12.Qb3 Qd7 13.Nd2 h6 14.Ngf3 Ng6 
15.e5 Nd5 16.exd6 Bxd6 17.g3 O-O 18.Ne4 Rxf3 
19.Nxd6 Qxd6 20.Qxb7 Raf8 21.Re2 R3f7 22.Qb3 Qc6 
23.Bd2 Ne5 24.Rxe5 R7xf2 25.Be1 c4 26.Qa3 
Ne3 0-1

[Event "HCL-B002"]
[Site "www.playchess.de"]
[Date "2000.07.31"]
[Round "18"]
[White "FireRook"]
[Black "jonte2"]
[WhiteElo "1200"]
[BlackElo "1500"]
[PlyCount "65"]
[Result "1-0"]

1.d4 d5 2.Nf3 Nc6 3.c4 e6 4.e3 dxc4 5.Bxc4 Nf6 
6.Nc3 Bd6 7.O-O e5 8.dxe5 Be6 9.Bxe6 fxe6 10.exd6 
cxd6 11.Ng5 Qe7 12.Nb5 a6 13.Nxd6+ Kf8 14.Ngf7 Rg8 
15.b3 Nd8 16.Nxd8 Rxd8 17.Ba3 Rd7 18.Nc4 Rxd1 
19.Bxe7+ Kxe7 20.Rfxd1 Nd5 21.Na5 Nc3 22.Rd3 Ne4 
23.Rc1 b6 24.Nc6+ Kf6 25.Rd4 Nc5 26.b4 Na4 27.Rf4+ 
Kg5 28.h4+ Kh5 29.g4+ Kxh4 30.Kg2 Kg5 31.Rh1 h6 
32.Ne5 h5 33.Rxh5+ 1-0

[Event "HCL-B016"]
[Site "www.playchess.de"]
[Date "2000.07.31"]
[Round "9"]
[White "Ulf"]
[Black "nadavies_uk"]
[WhiteElo "2025"]
[BlackElo "1200"]
[PlyCount "53"]
[Result "1-0"]

1.d4 d5 2.c4 dxc4 3.Nf3 Nf6 4.e3 Bg4 5.Bxc4 e5 
6.Qb3 Bh5 7.Nxe5 Qe7 8.Qxb7 Qb4+ 9.Qxb4 Bxb4+ 
10.Bd2 Bxd2+ 11.Nxd2 O-O 12.Be2 Bxe2 13.Kxe2 Nbd7 
14.Nxd7 Nxd7 15.Rhc1 Rac8 16.Rc6 Nb8 17.Rc3 Nd7 
18.Rac1 Nf6 19.R3xc7 Rxc7 20.Rxc7 Ng4 21.h3 Nh6 
22.Rxa7 Re8 23.a4 f5 24.b4 f4 25.e4 Nf5 26.d5 Nd4+ 
27.Kd3 1-0

[Event "HCL-B016"]
[Site "www.playchess.de"]
[Date "2000.07.31"]
[Round "10"]
[White "Nulnulnix"]
[Black "Ulf"]
[WhiteElo "1200"]
[BlackElo "2025"]
[PlyCount "68"]
[Result "0-1"]

1.e4 e5 2.Nf3 Nf6 3.Nxe5 d6 4.Nf3 Nxe4 5.d3 Nf6 
6.Bg5 Be7 7.h3 O-O 8.Nc3 Re8 9.Qd2 Nd5 10.O-O-O 
Nxc3 11.bxc3 Bxg5 12.Nxg5 Re5 13.f4 Ra5 14.Kb1 h6 
15.c4 c6 16.Ne4 d5 17.cxd5 Qxd5 18.Nc3 Qd4 19.Re1 
Be6 20.a4 Qb4+ 21.Kc1 Nd7 22.Re4 Qa3+ 23.Kd1 Nc5 
24.Nb1 Nxe4 25.dxe4 Qxa4 26.Bd3 Rd8 27.Ke2 Bc4 
28.Rd1 Bxd3+ 29.cxd3 Qa2 30.Ke3 Qxd2+ 31.Rxd2 f5 
32.g4 fxe4 33.dxe4 Rxd2 34.Nxd2 
Ra3+ 0-1

[Event "HCL-C004"]
[Site "www.playchess.de"]
[Date "2000.07.31"]
[Round "4"]
[White "Molli_Jaschin"]
[Black "Jonno"]
[WhiteElo "1000"]
[BlackElo "1000"]
[PlyCount "57"]
[Result "1-0"]

1.e4 e5 2.Nf3 Nc6 3.Bb5 Nf6 4.O-O Bc5 5.Nc3 O-O 
6.Bxc6 bxc6 7.Nxe5 Ba6 8.d3 d5 9.Nxc6 Qd6 10.e5 
Qxc6 11.exf6 Qxf6 12.Nxd5 Qc6 13.c4 Bb7 14.Re1 Bb4 
15.Bd2 Bc5 16.b4 Bd4 17.Ne7+ Kh8 18.Nxc6 Bxa1 
19.Qxa1 Bxc6 20.Re3 f6 21.b5 Bb7 22.Re7 Rac8 23.a4 
Rfd8 24.Bh6 Rxd3 25.Bxg7+ Kg8 26.Bxf6 Rcd8 27.Rg7+ 
Kf8 28.Bxd8 Be4 29.Qf6+ 1-0

[Event "HCL-C008"]
[Site "www.playchess.de"]
[Date "2000.07.31"]
[Round "32"]
[White "luizfernandes"]
[Black "paule"]
[WhiteElo "1000"]
[BlackElo "1000"]
[PlyCount "30"]
[Result "0-1"]

1.e4 d5 2.f3 dxe4 3.fxe4 e5 4.Nf3 Nf6 5.Nc3 Bc5 
6.Nxe5 Qd4 7.Qf3 Qxe5 8.d3 Bg4 9.Bf4 Qe6 10.Qg3 
Nh5 11.Nd5 Nxg3 12.Nxc7+ Ke7 13.Nxe6 Bf2+ 14.Kxf2 
Nxh1+ 15.Kg1 Bxe6 0-1

[Event "ACL-A001"]
[Site "www.playchess.de"]
[Date "2000.07.31"]
[Round "10"]
[White "zarconeus"]
[Black "Dictator"]
[WhiteElo "1500"]
[BlackElo "1500"]
[PlyCount "79"]
[Result "1-0"]

1.d4 d5 2.e3 e6 3.c4 Bb4+ 4.Bd2 Bxd2+ 5.Qxd2 Ne7 
6.Nc3 O-O 7.Nf3 Nbc6 8.h4 dxc4 9.Bxc4 e5 10.Rd1 
exd4 11.Nxd4 Nxd4 12.exd4 Bg4 13.Rc1 Be6 14.Bxe6 
Qd6 15.Bb3 Qh6 16.Qxh6 gxh6 17.Ne4 Rad8 18.d5 Rfe8 
19.Nf6+ Kg7 20.Nxe8+ Rxe8 21.Kf1 c6 22.Re1 cxd5 
23.Ba4 b5 24.Bxb5 Rb8 25.Rxe7 Rxb5 26.b3 Rc5 
27.Rh3 Rc1+ 28.Ke2 Kf8 29.Rxa7 Rc2+ 30.Kd3 Rxf2 
31.Rf3 Rxf3+ 32.gxf3 Kg7 33.b4 Kg6 34.b5 f5 35.b6 
f4 36.b7 Kh5 37.b8Q Kxh4 38.Rg7 h5 39.Qxf4+ Kh3 
40.Qg3+ 1-0

[Event "ACL-A003"]
[Site "www.playchess.de"]
[Date "2000.07.31"]
[Round "15"]
[White "Gearloose"]
[Black "MAJOR"]
[WhiteElo "1500"]
[BlackElo "1500"]
[PlyCount "43"]
[Result "1-0"]

1.e4 e6 2.d4 d5 3.Nc3 Bb4 4.e5 c5 5.a3 Qa5 6.axb4 
Qxa1 7.Nb5 Kd8 8.Bg5+ f6 9.Qxa1 fxg5 10.dxc5 a6 
11.Qa5+ Ke8 12.Nc7+ Kf7 13.Nxa8 Nc6 14.Qc7+ Nge7 
15.Nf3 h6 16.c3 Kg6 17.Bd3+ Nf5 18.g4 Rf8 19.gxf5+ 
exf5 20.Nb6 Nxe5 21.Nxe5+ Kh5 22.Qxg7 1-0